| 000 -LEADER |
| fixed length control field |
00570nam a22001697a 4500 |
| 008 - FIXED-LENGTH DATA ELEMENTS--GENERAL INFORMATION |
| fixed length control field |
140205b xxu||||| |||| 00| 0 alb d |
| 020 ## - INTERNATIONAL STANDARD BOOK NUMBER |
| International Standard Book Number |
9992703148 |
| 080 ## - UNIVERSAL DECIMAL CLASSIFICATION NUMBER |
| Universal Decimal Classification number |
07. 001.7 |
| 100 1# - Rafti |
| Rafti |
Boriçi, Hamit |
| 245 10 - TITLE STATEMENT |
| Title |
Gazetaria 2 : |
| Statement of responsibility, etc |
Hamit Boriçi. |
| 250 ## - |
| -- |
Ribotim |
| 260 ## - |
| -- |
Shtëpia Botuese e Librit Universitar |
| -- |
2004. |
| -- |
Tiranë : |
| 300 ## - |
| -- |
328 f. ; |
| -- |
23 cm |
| 500 ## - |
| -- |
Në vend të parathënies / Dritëro Agolli : f. [3]-4 |
| 650 ## - |
| -- |
Gazetaria |
| -- |
Tekste universitare |
| 942 ## - ADDED ENTRY ELEMENTS (KOHA) |
| Source of classification or shelving scheme |
|
| Item type |
Books |